[Event "Mittelfranken-chTB2a 1920"]
[Site "Mittelfranken"]
[Date "2020.01.12"]
[Round "4.4"]
[White "Kirbach, Thomas"]
[Black "Zollstab, Juergen"]
[Result "0-1"]
[WhiteElo "1840"]
[BlackElo "1998"]
[PlyCount "60"]
[EventDate "2019.10.13"]
[EventType "team-tourn"]
[EventRounds "9"]
[EventCountry "GER"]
[SourceTitle "EXT 2023"]
[Source "ChessBase"]
[SourceDate "2022.10.05"]
[SourceVersion "1"]
[SourceVersionDate "2022.10.05"]
[SourceQuality "1"]
[WhiteTeam "Fuerth SF"]
[BlackTeam "Ansbach/Bad Windsheim"]
[WhiteTeamCountry "GER"]
[BlackTeamCountry "GER"]

1. d4 d5 2. Nc3 f5 3. e4 dxe4 4. f3 exf3 5. Nxf3 Nf6 6. Bc4 e6 7. 0-0 c6 8. Re1 Bd6 9. Bxe6 Bxe6 10. Rxe6+ Kd7 11. Qe2 Re8 12. Ng5 Re7 13. d5 cxd5 14. Qb5+ Kc8 15. Qe2 h6 16. Nh3 Nc6 17. Nb5 Bc5+ 18. Kf1 a6 19. b4 Bxb4 20. c3 axb5 21. Rxe7 Bxe7 22. Nf4 Ne4 23. Qd3 Bg5 24. Nxd5 Bxc1 25. Rxc1 Rxa2 26. Rd1 Qg5 27. Nb6+ Kc7 28. Nd5+ Kb8 29. g3 Rd2 30. Rxd2 Qxd2 0-1

[Event "Mittelfranken-chTB2a 1819"]
[Site "Mittelfranken"]
[Date "2019.03.17"]
[Round "7.1"]
[White "Zollstab, Juergen"]
[Black "Killmann, Martin"]
[Result "0-1"]
[WhiteElo "2052"]
[BlackElo "2062"]
[PlyCount "92"]
[EventDate "2018.10.14"]
[EventType "team-tourn"]
[EventRounds "9"]
[EventCountry "GER"]
[SourceTitle "EXT 2022"]
[Source "ChessBase"]
[SourceDate "2021.10.06"]
[SourceVersion "1"]
[SourceVersionDate "2021.10.06"]
[SourceQuality "1"]
[WhiteTeam "Ansbach/Bad Windsheim"]
[BlackTeam "Jaecklechemie SC"]
[WhiteTeamCountry "GER"]
[BlackTeamCountry "GER"]

1. d4 d5 2. Bg5 h6 3. Bh4 c5 4. dxc5 g5 5. Bg3 Bg7 6. c3 Na6 7. e4 dxe4 8. Qxd8+ Kxd8 9. Bxa6 bxa6 10. Na3 Be6 11. Ne2 f5 12. 0-0-0+ Kc8 13. h4 f4 14. Bh2 Bxa2 15. Nd4 e6 16. Rhe1 Ne7 17. Rxe4 e5 18. Nf3 Bd5 19. Ree1 Bxf3 20. gxf3 Nf5 21. h5 Kc7 22. Nc4 Rad8 23. Nxe5 Rxd1+ 24. Kxd1 Rd8+ 25. Kc2 Re8 26. Nd3 Rxe1 27. Nxe1 Kc6 28. b4 Kb5 29. Kd3 a5 30. Nc2 axb4 31. cxb4 Ne7 32. Ke4 Bc3 33. Bg1 Bxb4 34. Ke5 Bxc5 35. Kf6 Kc4 36. Kg7 Nf5+ 37. Kg6 Nh4+ 38. Kxh6 Nxf3 39. Kg6 Kb3 40. Ne1 Nxe1 41. Kxg5 Nf3+ 42. Kxf4 Nxg1 43. h6 Bxf2 44. Ke4 Be1 45. h7 Bc3 46. Kd5 a5 0-1

[Event "Mittelfranken-chTB2a 1819"]
[Site "Mittelfranken"]
[Date "2019.02.10"]
[Round "5.2"]
[White "Zollstab, Juergen"]
[Black "Kunth, Andreas"]
[Result "1-0"]
[WhiteElo "2052"]
[BlackElo "1860"]
[PlyCount "109"]
[EventDate "2018.10.14"]
[EventType "team-tourn"]
[EventRounds "9"]
[EventCountry "GER"]
[SourceTitle "EXT 2022"]
[Source "ChessBase"]
[SourceDate "2021.10.06"]
[SourceVersion "1"]
[SourceVersionDate "2021.10.06"]
[SourceQuality "1"]
[WhiteTeam "Ansbach/Bad Windsheim"]
[BlackTeam "Dinkelsbuehl"]
[WhiteTeamCountry "GER"]
[BlackTeamCountry "GER"]

1. d4 Nf6 2. Bg5 d5 3. Bxf6 gxf6 4. e3 Bf5 5. Bd3 Qd7 6. Ne2 Nc6 7. Ng3 Bxd3 8. Qxd3 e5 9. c3 h5 10. h4 0-0-0 11. 0-0 e4 12. Qe2 Bd6 13. c4 Bxg3 14. fxg3 Qd6 15. Rf4 Rdg8 16. cxd5 Nb4 17. Nc3 Nxd5 18. Nxd5 Qxd5 19. Qf2 Rh6 20. Rxf6 Rxf6 21. Qxf6 Rxg3 22. Re1 Rg6 23. Qe7 Qe6 24. Qxe6+ fxe6 25. Kh2 Rf6 26. Re2 Kd7 27. g4 hxg4 28. Kg3 Rf3+ 29. Kxg4 Ke7 30. b4 c6 31. a4 a6 32. b5 cxb5 33. axb5 axb5 34. Rb2 Rf5 35. Rc2 Kf6 36. Rc7 Kg6 37. Rxb7 Rf3 38. Rb6 Rxe3 39. d5 Rd3 40. h5+ Kf6 41. dxe6 e3 42. Kf3 Rd5 43. h6 Rh5 44. Kxe3 b4 45. Kd4 b3 46. Kc3 Rh3+ 47. Kb2 Rh1 48. Ra6 Rh3 49. Rc6 Rh2+ 50. Kxb3 Rh1 51. Kb4 Rb1+ 52. Kc5 Rc1+ 53. Kd6 Rd1+ 54. Kc7 Rh1 55. Kd7 1-0

[Event "Mittelfranken-chTB2a 1718"]
[Site "Mittelfranken"]
[Date "2017.10.29"]
[Round "2.2"]
[White "Kirbach, Thomas"]
[Black "Zollstab, Juergen"]
[Result "1-0"]
[WhiteElo "1924"]
[BlackElo "2044"]
[PlyCount "109"]
[EventDate "2017.10.08"]
[EventType "team-tourn"]
[EventRounds "9"]
[EventCountry "GER"]
[SourceTitle "EXT 2022"]
[Source "ChessBase"]
[SourceDate "2021.10.06"]
[SourceVersion "1"]
[SourceVersionDate "2021.10.06"]
[SourceQuality "1"]
[WhiteTeam "Fuerth SF"]
[BlackTeam "Bad Windsheim/Ansbach"]
[WhiteTeamCountry "GER"]
[BlackTeamCountry "GER"]

1. d4 d5 2. Nc3 f5 3. e4 dxe4 4. f3 exf3 5. Nxf3 Nf6 6. Bc4 e6 7. 0-0 Be7 8. Re1 Nd5 9. Bxd5 exd5 10. Bg5 Nc6 11. Qe2 Kf8 12. Bxe7+ Nxe7 13. Ng5 Nc6 14. Qh5 g6 15. Qh6+ Kg8 16. Nxd5 Bd7 17. Re8+ Bxe8 18. Ne6 Kf7 19. Nxd8+ Rxd8 20. Nxc7 Nxd4 21. c3 Nb5 22. Nxe8 Rdxe8 23. Rd1 Re7 24. g4 Nc7 25. gxf5 gxf5 26. Rd6 Ne6 27. Kf2 b6 28. Rd5 Ng7 29. Rd6 Rhe8 30. Qd2 Ne6 31. Rd7 Nc5 32. Qd5+ Kf6 33. Rxe7 Rxe7 34. Kf3 Ne6 35. a4 h5 36. a5 bxa5 37. Qxa5 h4 38. Qb4 h3 39. Qb8 Rg7 40. c4 Rg4 41. c5 Rc4 42. b4 Rc3+ 43. Kf2 Rc2+ 44. Kg3 Rc3+ 45. Kh4 Rb3 46. c6 f4 47. c7 f3 48. c8Q f2 49. Qh8+ Ng7 50. Qbf8+ Ke6 51. Qhg8+ Ke5 52. Qxb3 Nf5+ 53. Qxf5+ Kxf5 54. Qf3+ Ke5 55. Qxf2 1-0

[Event "Mittelfranken-chTB2a 1718"]
[Site "Mittelfranken"]
[Date "2017.10.08"]
[Round "1.2"]
[White "Zollstab, Juergen"]
[Black "Thuerauf, Peter"]
[Result "1-0"]
[WhiteElo "2044"]
[BlackElo "1828"]
[PlyCount "131"]
[EventDate "2017.10.08"]
[EventType "team-tourn"]
[EventRounds "9"]
[EventCountry "GER"]
[SourceTitle "EXT 2022"]
[Source "ChessBase"]
[SourceDate "2021.10.06"]
[SourceVersion "1"]
[SourceVersionDate "2021.10.06"]
[SourceQuality "1"]
[WhiteTeam "Bad Windsheim/Ansbach"]
[BlackTeam "Nuernberg Sued SW IV"]
[WhiteTeamCountry "GER"]
[BlackTeamCountry "GER"]

1. d4 d5 2. Bg5 h6 3. Bh4 c6 4. c3 Bf5 5. Nd2 Nd7 6. Ngf3 Ngf6 7. e3 e6 8. Ne5 Be7 9. Nxd7 Nxd7 10. Bxe7 Qxe7 11. Be2 0-0 12. 0-0 e5 13. Bg4 Bxg4 14. Qxg4 Nf6 15. Qg3 Rfe8 16. dxe5 Qxe5 17. Qxe5 Rxe5 18. a4 Ne4 19. Nf3 Re7 20. a5 a6 21. Ra4 Nc5 22. Rb4 Nd3 23. Rb6 Ne5 24. Nxe5 Rxe5 25. Rxb7 Kf8 26. Rd1 Ke8 27. Rd4 c5 28. Rd3 Rd8 29. Kf1 Re7 30. Rb6 Re6 31. Rb7 Re7 32. Rxe7+ Kxe7 33. b4 Ke6 34. e4 cxb4 35. cxb4 Ke5 36. exd5 Rxd5 37. Re3+ Kd6 38. Re8 Kc7 39. Ke2 Rd7 40. Ke3 Kc6 41. Rc8+ Kb5 42. Rb8+ Kc4 43. Rb6 Kc3 44. f4 Re7+ 45. Kf3 Kc4 46. f5 Rd7 47. h4 h5 48. Kf4 f6 49. Rxa6 Kxb4 50. Ra8 Kb5 51. a6 Kb6 52. Rh8 Rd4+ 53. Kg3 Rg4+ 54. Kh3 g6 55. fxg6 Rxg6 56. Rxh5 Kxa6 57. Rc5 Kb6 58. Rc1 f5 59. Rf1 Rf6 60. h5 Kc6 61. Kh4 Kd6 62. Kg5 Ke6 63. g4 Rf8 64. Rxf5 Rg8+ 65. Kh4 Rh8 66. Rf1 1-0

[Event "Mittelfranken-chTB1 1617"]
[Site "Mittelfranken"]
[Date "2017.03.05"]
[Round "7.4"]
[White "Zollstab, Juergen"]
[Black "Kaiser, Harald"]
[Result "1/2-1/2"]
[WhiteElo "2044"]
[BlackElo "1989"]
[PlyCount "113"]
[EventDate "2016.10.23"]
[EventType "team-tourn"]
[EventRounds "9"]
[EventCountry "GER"]
[SourceTitle "EXT 2022"]
[Source "ChessBase"]
[SourceDate "2021.10.06"]
[SourceVersion "1"]
[SourceVersionDate "2021.10.06"]
[SourceQuality "1"]
[WhiteTeam "Gunzenhausen"]
[BlackTeam "Bechhofen"]
[WhiteTeamCountry "GER"]
[BlackTeamCountry "GER"]

1. d4 d6 2. c4 e5 3. dxe5 dxe5 4. Qxd8+ Kxd8 5. Nc3 Be6 6. e4 c6 7. Bg5+ f6 8. Bh4 Nd7 9. 0-0-0 Kc7 10. Bd3 a6 11. a4 Nc5 12. Be2 Nb3+ 13. Kb1 Na5 14. Bg3 Bxc4 15. f4 Bd6 16. fxe5 Bxe5 17. Bxe5+ fxe5 18. Nf3 Re8 19. Ng5 Nf6 20. Bxc4 Nxc4 21. Rd3 h6 22. Nf3 Rhf8 23. Rhd1 Rf7 24. b3 Nb6 25. a5 Nc8 26. h3 Rd7 27. Rxd7+ Nxd7 28. Nh4 Nd6 29. Nf5 Nxf5 30. exf5 Nf6 31. Kc2 e4 32. g4 Re5 33. b4 Nd5 34. Re1 Nxb4+ 35. Kd2 e3+ 36. Rxe3 Rxe3 37. Kxe3 Kd6 38. Ke4 c5 39. h4 Nc6 40. g5 hxg5 41. hxg5 Nxa5 42. f6 gxf6 43. g6 Ke6 44. Nd5 f5+ 45. Kf4 Nc6 46. g7 Kf7 47. Kxf5 Kxg7 48. Ke6 Nb4 49. Nb6 a5 50. Kd6 Na6 51. Kd5 Kf7 52. Kc4 Ke6 53. Kb5 Kd6 54. Nc4+ Kd5 55. Nxa5 Kd4 56. Nxb7 Nc7+ 57. Kc6 1/2-1/2

[Event "Mittelfranken-chTB1 1617"]
[Site "Mittelfranken"]
[Date "2017.01.22"]
[Round "5.4"]
[White "Zollstab, Juergen"]
[Black "Sippl, Martin"]
[Result "1-0"]
[WhiteElo "2044"]
[BlackElo "1940"]
[PlyCount "85"]
[EventDate "2016.10.23"]
[EventType "team-tourn"]
[EventRounds "9"]
[EventCountry "GER"]
[SourceTitle "EXT 2022"]
[Source "ChessBase"]
[SourceDate "2021.10.06"]
[SourceVersion "1"]
[SourceVersionDate "2021.10.06"]
[SourceQuality "1"]
[WhiteTeam "Gunzenhausen"]
[BlackTeam "Postbauer Heng"]
[WhiteTeamCountry "GER"]
[BlackTeamCountry "GER"]

1. d4 Nf6 2. Bg5 c5 3. Bxf6 gxf6 4. d5 Qb6 5. b3 Bg7 6. Nd2 f5 7. c4 Bxa1 8. Qxa1 f6 9. Nh3 Na6 10. e3 d6 11. Nf4 Nb4 12. Qb2 Qa5 13. a4 Bd7 14. Be2 0-0-0 15. 0-0 Rdf8 16. Nf3 Kb8 17. Qb1 Qd8 18. Nh4 Qc8 19. g3 e5 20. dxe6 Bxe6 21. Rd1 Rd8 22. Bf3 Rhe8 23. Nxe6 Qxe6 24. Nxf5 Rg8 25. Nh4 Qf7 26. Qf5 Rg5 27. Qf4 Qe6 28. Bg2 Ka8 29. Nf3 Rg6 30. Qh4 Qe7 31. Nd2 Nc6 32. Ne4 Nb4 33. a5 Qf7 34. Qf4 Qe7 35. Qf3 a6 36. Nxc5 d5 37. Na4 Rg7 38. cxd5 Qd7 39. d6 Nc6 40. Nc5 Qf7 41. Nxb7 Qxb7 42. Qxc6 Qxc6 43. Bxc6+ 1-0

[Event "Mittelfranken-chTB1 1617"]
[Site "Mittelfranken"]
[Date "2016.11.13"]
[Round "2.4"]
[White "Zollstab, Juergen"]
[Black "Mehwald, Thomas"]
[Result "1-0"]
[WhiteElo "2044"]
[BlackElo "1980"]
[PlyCount "73"]
[EventDate "2016.10.23"]
[EventType "team-tourn"]
[EventRounds "9"]
[EventCountry "GER"]
[SourceTitle "EXT 2022"]
[Source "ChessBase"]
[SourceDate "2021.10.06"]
[SourceVersion "1"]
[SourceVersionDate "2021.10.06"]
[SourceQuality "1"]
[WhiteTeam "Gunzenhausen"]
[BlackTeam "Muehlhof/Schwabach"]
[WhiteTeamCountry "GER"]
[BlackTeamCountry "GER"]

1. d4 Nf6 2. Bg5 Ne4 3. Bh4 d5 4. Nd2 Nd6 5. e3 g6 6. Bd3 Bf5 7. Qe2 Nc6 8. Bg3 Bg7 9. Ngf3 0-0 10. c3 Re8 11. Ne5 Nxe5 12. dxe5 Bxd3 13. Qxd3 Nf5 14. Bf4 e6 15. g4 Ne7 16. h4 Nc6 17. Nf3 f6 18. exf6 Bxf6 19. Bg5 Rf8 20. 0-0-0 Bxg5 21. Nxg5 Ne5 22. Qe2 Qf6 23. f4 Nc4 24. h5 h6 25. Ne4 Qg7 26. Nc5 Rae8 27. hxg6 Rf6 28. Rxh6 Rxg6 29. Rh4 Qe7 30. Qh2 Qxc5 31. Rh8+ Kf7 32. Qh7+ Rg7 33. Qh5+ Rg6 34. Rh7+ Kf8 35. Qxg6 Qxe3+ 36. Kb1 Qe4+ 37. Qxe4 1-0

[Event "Regionalliga NO 1415"]
[Site "Bayern"]
[Date "2015.03.15"]
[Round "8.3"]
[White "Zollstab, Juergen"]
[Black "Goetz, Andreas"]
[Result "1-0"]
[WhiteElo "2023"]
[BlackElo "2013"]
[PlyCount "99"]
[EventDate "2014.10.19"]
[EventType "team-tourn"]
[EventRounds "9"]
[EventCountry "GER"]
[SourceTitle "EXT 2018"]
[Source "ChessBase"]
[SourceDate "2017.10.13"]
[SourceVersion "1"]
[SourceVersionDate "2017.10.13"]
[SourceQuality "1"]
[WhiteTeam "Gunzenhausen"]
[BlackTeam "Erlangen SC II"]
[WhiteTeamCountry "GER"]
[BlackTeamCountry "GER"]

1. d4 d5 2. Bg5 c6 3. c3 Bf5 4. Nd2 Nf6 5. Bxf6 exf6 6. e3 Qb6 7. Qb3 Nd7 8. Ne2 Bd3 9. Ng3 Bxf1 10. Ngxf1 Bd6 11. Ng3 g6 12. Qxb6 axb6 13. a3 f5 14. Ne2 b5 15. 0-0 0-0 16. g3 Rfe8 17. h4 Kg7 18. Kg2 b6 19. Rad1 Nf6 20. Nc1 h6 21. Nf3 Ne4 22. Nd3 Nf6 23. Nfe5 c5 24. f4 c4 25. Nf2 Re6 26. Rfe1 Rae8 27. Kf3 Ng8 28. g4 f6 29. gxf5 gxf5 30. Nc6 Bxf4 31. Nb4 Bxe3 32. Nh3 h5 33. Nxd5 Bh6 34. Rxe6 Rxe6 35. Nhf4 Bxf4 36. Nxf4 Re8 37. Nxh5+ Kh6 38. Nf4 Kg7 39. Nd5 Re4 40. h5 Rh4 41. Nf4 Kf7 42. d5 Ke8 43. Rg1 Rg4 44. Rxg4 fxg4+ 45. Kxg4 Nh6+ 46. Kf3 Kd7 47. Ke4 Kd6 48. Ne2 f5+ 49. Kf4 Kxd5 50. Nd4 1-0

[Event "Regionalliga NO 1314"]
[Site "Bayern"]
[Date "2014.03.16"]
[Round "8.4"]
[White "Zollstab, Juergen"]
[Black "Dittmar, Thomas"]
[Result "1-0"]
[WhiteElo "1997"]
[BlackElo "1841"]
[PlyCount "85"]
[EventDate "2013.10.13"]
[EventType "team-tourn"]
[EventRounds "9"]
[EventCountry "GER"]
[SourceTitle "EXT 2015"]
[Source "ChessBase"]
[SourceDate "2014.11.20"]
[SourceVersion "1"]
[SourceVersionDate "2014.11.20"]
[SourceQuality "1"]
[WhiteTeam "Gunzenhausen"]
[BlackTeam "Fuerth SF"]
[WhiteTeamCountry "GER"]
[BlackTeamCountry "GER"]

1. d4 e6 2. c4 Nf6 3. Nc3 c5 4. d5 exd5 5. cxd5 d6 6. e4 g6 7. Nge2 Bg7 8. Ng3 0-0 9. Bd3 a6 10. a4 Nbd7 11. 0-0 Rb8 12. h3 Ne8 13. f4 Qh4 14. Kh2 Ndf6 15. f5 Nh5 16. Nxh5 gxh5 17. g3 Be5 18. Bf4 Bxf4 19. Rxf4 Qg5 20. Be2 Nf6 21. Rh4 Kh8 22. Bxh5 b5 23. axb5 axb5 24. Qc1 Qg7 25. Bf3 b4 26. Ne2 Nd7 27. Qh6 Ne5 28. Bg2 Rb6 29. Nf4 Qxh6 30. Rxh6 c4 31. Nh5 Ba6 32. g4 f6 33. Nxf6 Kg7 34. g5 Rxf6 35. Rxf6 c3 36. bxc3 bxc3 37. Rc1 Nf7 38. h4 Rb3 39. Bf3 Rb2+ 40. Kg3 c2 41. Bh5 Ne5 42. Rxd6 Rb3+ 43. Kg2 1-0

[Event "Regionalliga NO 1314"]
[Site "Bayern"]
[Date "2013.10.13"]
[Round "1.4"]
[White "Zollstab, Juergen"]
[Black "Weber, Daniel1111"]
[Result "0-1"]
[WhiteElo "1997"]
[BlackElo "2087"]
[PlyCount "96"]
[EventDate "2013.10.13"]
[EventType "team-tourn"]
[EventRounds "9"]
[EventCountry "GER"]
[SourceTitle "EXT 2015"]
[Source "ChessBase"]
[SourceDate "2014.11.20"]
[SourceVersion "1"]
[SourceVersionDate "2014.11.20"]
[SourceQuality "1"]
[WhiteTeam "Gunzenhausen"]
[BlackTeam "Bechhofen"]
[WhiteTeamCountry "GER"]
[BlackTeamCountry "GER"]

1. d4 d5 2. Bf4 Nf6 3. e3 c5 4. c3 Nc6 5. Nf3 Bg4 6. Be2 e6 7. Nbd2 Bd6 8. dxc5 Bxf4 9. exf4 Qc7 10. g3 0-0 11. Nd4 Bh3 12. N2f3 Ne4 13. Ng5 Nxg5 14. fxg5 Qe7 15. Nxc6 bxc6 16. Bd3 Qxg5 17. f4 Qh6 18. Qd2 f6 19. 0-0-0 e5 20. fxe5 Qxd2+ 21. Rxd2 fxe5 22. Re1 e4 23. Ba6 Rae8 24. c4 e3 25. Rd3 Rf1 26. Rxf1 Bxf1 27. Rd1 Be2 28. Re1 d4 29. Rxe2 d3 30. Rxe3 Rxe3 31. b4 Re2 32. a4 Ra2 33. a5 Ra4 34. Kd2 Rxb4 35. Kxd3 Rb8 36. Kd4 Kf8 37. Ke5 Ke7 38. g4 Kd7 39. h4 Re8+ 40. Kf5 Kc7 41. h5 Re1 42. g5 Rh1 43. Kg4 g6 44. h6 Rf1 45. Bb5 cxb5 46. cxb5 Rf5 47. b6+ axb6 48. a6 bxc5 0-1

[Event "Regionalliga NO 1213"]
[Site "Bayern"]
[Date "2012.10.14"]
[Round "1.3"]
[White "Zollstab, Juergen"]
[Black "Wenninger, Philipp"]
[Result "0-1"]
[WhiteElo "2022"]
[BlackElo "2256"]
[PlyCount "116"]
[EventDate "2012.10.14"]
[EventType "team-tourn"]
[EventRounds "9"]
[EventCountry "GER"]
[SourceTitle "EXT 2015"]
[Source "ChessBase"]
[SourceDate "2014.11.20"]
[SourceVersion "1"]
[SourceVersionDate "2014.11.20"]
[SourceQuality "1"]
[WhiteTeam "Gunzenhausen"]
[BlackTeam "Erlangen"]
[WhiteTeamCountry "GER"]
[BlackTeamCountry "GER"]

1. d4 d5 2. Bg5 h6 3. Bh4 Nf6 4. Bxf6 exf6 5. e3 Bd6 6. Bd3 0-0 7. Qh5 c6 8. Nd2 b6 9. g4 Ba6 10. h4 Bxd3 11. cxd3 Re8 12. Ngf3 Bf8 13. g5 g6 14. Qg4 h5 15. Qg2 c5 16. gxf6 Qxf6 17. 0-0-0 Nc6 18. dxc5 bxc5 19. Qg5 Qxg5 20. hxg5 Nb4 21. Nb3 Nxa2+ 22. Kb1 Nb4 23. Rh4 a5 24. d4 c4 25. Nc1 a4 26. Ne5 a3 27. Rd2 Ra7 28. b3 Rb8 29. Ka1 a2 30. f4 Ra3 31. Rb2 cxb3 32. Nxb3 Na6 33. f5 Raxb3 34. Rxb3 Rxb3 35. Kxa2 Rxe3 36. fxg6 Nb4+ 37. Kb1 fxg6 38. Nxg6 Bg7 39. Kc1 Kf7 40. Ne5+ Bxe5 41. dxe5 Nc6 42. Rxh5 Rxe5 43. Rh7+ Kg8 44. Rc7 Ne7 45. Kd2 Kf7 46. Kd3 Rxg5 47. Kd4 Ke6 48. Rc1 Rg4+ 49. Kc5 Nc6 50. Rh1 Rc4+ 51. Kb5 Nd4+ 52. Ka5 Kd6 53. Kb6 Rb4+ 54. Ka5 Kc5 55. Rh6 Nb3+ 56. Ka6 Ra4+ 57. Kb7 d4 58. Rh5+ Kc4 0-1

[Event "Mittelfranken-chTB2b 0809"]
[Site "Mittelfranken"]
[Date "2009.03.08"]
[Round "7.1"]
[White "Manthey, Frank"]
[Black "Zollstab, Juergen"]
[Result "1-0"]
[WhiteElo "2072"]
[BlackElo "2031"]
[PlyCount "84"]
[EventDate "2008.10.12"]
[EventType "team"]
[EventRounds "9"]
[EventCountry "GER"]
[SourceTitle "EXT 2011"]
[Source "ChessBase"]
[SourceDate "2010.11.26"]
[SourceVersion "1"]
[SourceVersionDate "2010.11.26"]
[SourceQuality "1"]
[WhiteTeam "Schwanstetten"]
[BlackTeam "Gunzenhausen/Weissenburg II"]
[WhiteTeamCountry "GER"]
[BlackTeamCountry "GER"]

1. e4 g6 2. d4 Bg7 3. Nc3 Nc6 4. Be3 d6 5. f4 Nf6 6. Nf3 Ng4 7. Bg1 h5 8. h3 Nh6 9. d5 Nb8 10. Bd4 Bf6 11. Bxf6 exf6 12. Qd4 0-0 13. 0-0-0 Nd7 14. g4 hxg4 15. hxg4 Nxg4 16. Bh3 Nde5 17. fxe5 fxe5 18. Qg1 Qf6 19. Bxg4 Qf4+ 20. Nd2 Bxg4 21. Rf1 Qg5 22. Qh2 Qh5 23. Qg2 Qg5 24. Kb1 f5 25. Nf3 Qe7 26. Nh4 Qg7 27. Rhg1 Rf7 28. exf5 gxf5 29. Nxf5 Bxf5 30. Rxf5 Qxg2 31. Rxg2+ Kf8 32. Rxf7+ Kxf7 33. Nb5 Rc8 34. Nxa7 Rh8 35. c4 Kf6 36. Nb5 Rh7 37. Rf2+ Kg5 38. Kc2 Rd7 39. Kd3 c6 40. Nc3 cxd5 41. cxd5 Kg4 42. Ne4 b5 1-0

[Event "Regionalliga NO 0708"]
[Site "Bayern"]
[Date "2008.01.20"]
[Round "5.7"]
[White "Zollstab, Juergen"]
[Black "Weiss, Markus"]
[Result "0-1"]
[WhiteElo "2078"]
[BlackElo "1860"]
[PlyCount "122"]
[EventDate "2007.10.21"]
[EventType "team-tourn"]
[EventRounds "9"]
[EventCountry "GER"]
[SourceTitle "EXT 2009"]
[Source "ChessBase"]
[SourceDate "2008.11.26"]
[SourceVersion "1"]
[SourceVersionDate "2008.11.26"]
[SourceQuality "1"]
[WhiteTeam "Gunzenhausen"]
[BlackTeam "Erlangen"]
[WhiteTeamCountry "GER"]
[BlackTeamCountry "GER"]

1. f4 Nf6 2. b3 g6 3. Bb2 Bg7 4. e4 d6 5. Nf3 0-0 6. Nc3 Nxe4 7. Bd3 Nc5 8. Bc4 Be6 9. Be2 c6 10. d4 Nca6 11. h4 Qa5 12. a3 c5 13. Qd2 Bg4 14. Nd5 Qxd2+ 15. Nxd2 Bxe2 16. Kxe2 Nc6 17. h5 e6 18. Ne3 cxd4 19. Nec4 b5 20. Nxd6 d3+ 21. cxd3 Bxb2 22. Ra2 Bg7 23. Nxb5 Nd4+ 24. Nxd4 Bxd4 25. b4 Nc7 26. Nb3 Bb6 27. Rc2 Nd5 28. Rc4 Rac8 29. g3 Ne3 30. Rxc8 Rxc8 31. hxg6 fxg6 32. a4 Nf5 33. Re1 Nd4+ 34. Nxd4 Bxd4 35. Kf3 Rc6 36. b5 Rd6 37. Rc1 Bb6 38. Ke2 Kf7 39. Ra1 Bd4 40. Rc1 Bb6 41. Ra1 Ba5 42. Ke3 h5 43. Ke4 Ke7 44. Ra3 Rd5 45. d4 Rd8 46. Ra1 Rc8 47. Rh1 Rc3 48. g4 hxg4 49. d5 Rc4+ 50. Kd3 Rxf4 51. Rh7+ Rf7 52. d6+ Kf6 53. Rh2 Ke5 54. Rh6 g5 55. Rg6 Kf5 56. Rg8 g3 57. Ke2 Kg4 58. d7 Rxd7 59. Kf1 Rd2 60. Rb8 g2+ 61. Kg1 Kg3 0-1

[Event "Regionalliga NO 0506"]
[Site "Bayern"]
[Date "2006.03.12"]
[Round "8.1"]
[White "Zollstab, Juergen"]
[Black "Kaeppel, Roland"]
[Result "1-0"]
[WhiteElo "2085"]
[BlackElo "2046"]
[PlyCount "72"]
[EventDate "2005.10.23"]
[EventType "team-tourn"]
[EventRounds "9"]
[EventCountry "GER"]
[SourceTitle "EXT 2007"]
[Source "ChessBase"]
[SourceDate "2006.11.23"]
[SourceVersion "1"]
[SourceVersionDate "2006.11.23"]
[SourceQuality "1"]

1. f4 g6 2. e4 Bg7 3. d4 c5 4. d5 d6 5. Nf3 e6 6. c4 Ne7 7. Nc3 0-0 8. Be2 exd5 9. cxd5 Nd7 10. g4 a6 11. a4 Re8 12. g5 b6 13. h4 Rb8 14. h5 Qc7 15. Qd3 Qb7 16. Be3 b5 17. axb5 axb5 18. Nxb5 Qb6 19. Bf2 Ba6 20. Rxa6 Qxa6 21. 0-0 Rec8 22. Qa3 Qxa3 23. bxa3 Rb6 24. a4 Ra8 25. Bd1 f5 26. exf5 gxf5 27. Nd2 Kf8 28. Nc4 Nxd5 29. Nxb6 N5xb6 30. Bb3 Nxa4 31. Bxa4 Rxa4 32. Nxd6 Rxf4 33. Nxf5 Kg8 34. Ne7+ Kf8 35. Nd5 Rf5 36. Nc7 h6 1-0

[Event "Regionalliga NO 0506"]
[Site "Bayern"]
[Date "2005.11.27"]
[Round "3.2"]
[White "Zollstab, Juergen"]
[Black "Klimpel, Thomas"]
[Result "0-1"]
[WhiteElo "2085"]
[BlackElo "2087"]
[PlyCount "104"]
[EventDate "2005.10.23"]
[EventType "team-tourn"]
[EventRounds "9"]
[EventCountry "GER"]
[SourceTitle "EXT 2007"]
[Source "ChessBase"]
[SourceDate "2006.11.23"]
[SourceVersion "1"]
[SourceVersionDate "2006.11.23"]
[SourceQuality "1"]

1. f4 Nf6 2. Nf3 c5 3. b3 Nc6 4. Bb2 d6 5. c4 g6 6. h3 Bg7 7. g4 e5 8. fxe5 Ne4 9. Qc2 Ng3 10. Rg1 Nxf1 11. Rxf1 dxe5 12. Nc3 Nb4 13. Qb1 f5 14. a3 Nc6 15. Nd5 fxg4 16. hxg4 Bxg4 17. Qe4 Bf5 18. Qe3 Nd4 19. Nxd4 cxd4 20. Bxd4 Qh4+ 21. Qf2 Qxd4 22. Nc7+ Kd7 23. Qxd4+ exd4 24. Nxa8 Rxa8 25. 0-0-0 Re8 26. Rde1 h5 27. e3 dxe3 28. Rxe3 Rxe3 29. dxe3 Bh6 30. Kd2 Ke6 31. Ke2 g5 32. c5 h4 33. Rc1 Be4 34. Rc4 Ke5 35. Kf2 g4 36. c6 g3+ 37. Ke2 bxc6 38. Rc5+ Bd5 39. e4 Kxe4 40. Ra5 g2 41. Kf2 Kf5 42. b4 Be3+ 43. Kxe3 g1Q+ 44. Kd2 Ke4 45. Kc2 Kd4 46. Rc5 Qf2+ 47. Kc1 h3 48. Rc2 Qxc2+ 49. Kxc2 h2 50. a4 h1Q 51. b5 Qg2+ 52. Kb1 Kc3 0-1

[Event "Regionalliga NO 0506"]
[Site "Bayern"]
[Date "2005.10.23"]
[Round "1.1"]
[White "Zollstab, Juergen"]
[Black "Koch, Moritz"]
[Result "1-0"]
[WhiteElo "2085"]
[BlackElo "2228"]
[PlyCount "177"]
[EventDate "2005.10.23"]
[EventType "team-tourn"]
[EventRounds "9"]
[EventCountry "GER"]
[SourceTitle "EXT 2007"]
[Source "ChessBase"]
[SourceDate "2006.11.23"]
[SourceVersion "1"]
[SourceVersionDate "2006.11.23"]
[SourceQuality "1"]

1. f4 e5 2. fxe5 d6 3. d4 dxe5 4. dxe5 Qxd1+ 5. Kxd1 Nc6 6. Nf3 Bf5 7. Bd2 0-0-0 8. a3 Bc5 9. Kc1 Nge7 10. Nc3 Ng6 11. e4 Bg4 12. Na4 Bd4 13. Bg5 Rde8 14. Nxd4 Nxd4 15. Be3 Rd8 16. h3 Be6 17. Nc5 Nxe5 18. Nxe6 fxe6 19. a4 Rd6 20. Bf4 Ndc6 21. Be3 Rhd8 22. Be2 Nd4 23. Bd1 Nc4 24. Bg5 R8d7 25. b3 Ne5 26. Rf1 c5 27. Kb2 c4 28. Rf8+ Kc7 29. Bf4 Ndc6 30. Be2 Rd8 31. Rxd8 Kxd8 32. b4 Rd4 33. Rd1 Rxd1 34. Bxd1 Ng6 35. Bg5+ Kd7 36. Kc3 Nce5 37. Be2 Kd6 38. b5 b6 39. Be3 Nh4 40. g3 Nhf3 41. Bxc4 h6 42. Be2 Ng5 43. Bf4 Nxh3 44. Bc1 Nd7 45. Kd4 e5+ 46. Ke3 Ng5 47. Ba3+ Nc5 48. Bf3 Nge6 49. c3 g6 50. Bb4 Nc7 51. Be2 Ne8 52. Bd3 Nf6 53. Bc2 g5 54. a5 h5 55. axb6 axb6 56. Kf3 Nfd7 57. Ke3 Ke6 58. Bd1 g4 59. Be2 Kf6 60. c4 Kg5 61. Be1 Nf8 62. Bd3 Nfe6 63. Bc2 Nf8 64. Ke2 Ng6 65. Bd2+ Kf6 66. Be3 Nd7 67. Bf2 Ngf8 68. Be3 Ne6 69. Kd3 Ndc5+ 70. Kc3 Kg6 71. Bd3 Kf6 72. Bc2 Kg6 73. Bd3 h4 74. gxh4 g3 75. Be2 Nxe4+ 76. Kd3 N4c5+ 77. Bxc5 Nxc5+ 78. Ke3 Ne6 79. Bf1 Nd4 80. Ke4 Kh5 81. Kxe5 Nb3 82. Kd5 Kxh4 83. Bg2 Na5 84. c5 bxc5 85. Kxc5 Nb3+ 86. Kb4 Nd4 87. b6 Ne6 88. b7 Nc7 89. Ka5 1-0